La catequesis del camino: una apuesta práctica familiar, comunitaria e intergeneracional
Saved in:
| Hovedforfatter: | |
|---|---|
| Format: | Bog |
| Sprog: | spansk |
| Udgivet: |
Salamanca
Sal Terrae
2006
|
| Serier: | Colección Recursos Catequéticos, 28
|
| Fag: | |
| Tags: |
Tilføj Tag
Ingen Tags, Vær først til at tagge denne postø!
|
MARC
| LEADER | 00000cam a2200000 a 4500 | ||
|---|---|---|---|
| 001 | UCF9185 | ||
| 003 | CL-VaPUC | ||
| 008 | 131025e20060000sp |||||||||||||||||spa|d | ||
| 020 | |a 9788429316964 | ||
| 082 | 0 | 4 | |a 268.4 |b AER |2 21 |
| 100 | 0 | |a Aerens, Luc |e author |9 571428 | |
| 245 | 1 | 3 | |a La catequesis del camino: una apuesta práctica familiar, comunitaria e intergeneracional |
| 300 | |a 214 p | ||
| 942 | |c BK | ||
| 945 | |d 20131025 12:28:00 |a dcastane | ||
| 260 | |a Salamanca |b Sal Terrae |c 2006 | ||
| 650 | 0 | |a Educación religiosa |9 308312 | |
| 650 | 0 | |a Catecismo |9 333878 | |
| 650 | 0 | |a Catequesis |9 314526 | |
| 583 | |a last modification |c 20131025 12:28:00 |k Rodrigo Vera | ||
| 490 | 0 | |a Colección Recursos Catequéticos, 28 | |
| 999 | |c 353669 |d 353667 | ||
| 952 | |0 0 |1 0 |3 erb |4 0 |6 268_400000000000000_AER_2006 |7 0 |8 A |9 459018 |a BIBTEO |b BIBTEO |d 2019-11-23 |i 5023130 |o 268.4 AER 2006 |p 5023130 |r 2025-01-17 |w 2019-11-23 |y BK |z Catalogado en:20131025 |k ICR | ||
| 952 | |0 0 |1 0 |3 erb |4 0 |6 268_400000000000000_AER_2006 |7 0 |8 A |9 459019 |a BIBTEO |b BIBTEO |d 2019-11-23 |i 5023122 |l 2 |m 2 |o 268.4 AER 2006 |p 5023122 |r 2025-01-17 |s 2024-08-09 |w 2019-11-23 |y BK |z Catalogado en:20131025 |k ICR | ||
| 952 | |0 0 |1 0 |3 erb |4 0 |6 268_400000000000000_AER_2006 |7 0 |8 A |9 459020 |a BIBTEO |b BIBTEO |i 529648K |o 268.4 AER 2006 |p 529648K |r 2025-01-17 |w 2019-11-23 |y BK |z Catalogado en:20160708 |k ICR | ||